00865nam a2200205 a 450000100100000000500170001000800410002704000250006808200150009310000280010824500550013625000110019126000450020230000270024749000320027450001780030683000390048495201190052399900170064200001852820200929165822.0100511s1959 ag a r 000 0 spa d aDO-SdBNPbspacBNPHU axxxxbC9981 aCzerniak, Miguel94006610aPartidas selectas de Botvinnik /cMiguel Czerniak. a3a ed. aBuenos Aires :bSopena Argentina,c1959. a270 p. :bil ;c24 cm.1 aNueva Biblioteca de Ajedrez aEn la portada: Ciento diez magníficas partidas del famoso campeón soviético, todas ellas conducidas con la suprema lógica y el inigualado ingenio que lo caracterizan 0aNueva Biblioteca de Ajedrez940067 001054708MOaGRbGRcCTd2010-05-11iLF1l0oxxxx C998p18528-10r2020-06-25w2020-06-25y4ZPréstamo en sala c18048d18048